LEADER 00967nam a2200217 4500 001 000000367398 003 CaOOAMICUS 005 20260423143358.0 008 260422s2018 it a 000 u ita r 040 $aSeMil$bita 100 1 $aBiella, Daniele.$0(OLS)http://semarc/name/110371 245 10$aCon altri occhi :$bincontri nelle scuole dialogando di migrazioni /$cDaniele Biella ...[et al.]. 264 1$a[S.l.] :$bAeris cooperativa sociale,$c2018. 300 $a167 p. :$bill. ;$c22 cm 650 4$aMigrazioni - Meditazioni - Studenti.$0(OLS)http://semarc/subject/60083 850 $aSeMil 852 $aSeMil$W1$xVenegono$y1$m3M II 482$j270804$B258097$CSeMilBibl$Z2$F258097 $81 961 $aCaspani Maurizio - Lascito 996 $6245$aCon altri occhi :$bincontri nelle scuole dialogando di migrazioni$9(OLS)http://semarc/title/459318 996 $6264$a[S.l.] :$bAeris cooperativa sociale$9(OLS)http://semarc/publisher/63018